| 000 | 01651nam0a2200325 4500 | ||
|---|---|---|---|
| 001 | RU\NLR\bibl\1127297 | ||
| 005 | 20250615070324.0 | ||
| 010 |
_a978-5-9698-0133-2 _910000 |
||
| 021 |
_aRU _b2007-51492 _92726 |
||
| 035 | _a(nilc)RSL-KNO-003152689 | ||
| 035 | _a(NLR Aleph) 001114231 | ||
| 090 |
_a1257428 _c1257428 |
||
| 100 | _a20070813d2007 |||y0rusy50 ca | ||
| 101 | 0 | _arus | |
| 102 | _aRU | ||
| 105 | _ay zzzz||||| | ||
| 200 | 1 |
_aАвтомобили семейства ВАЗ-2110, -2111, -2112 _eруководство по техническому обслуживанию и ремонту _f[Косарев С. Н., Козлов П. Л.] |
|
| 210 |
_aМосква _cЗа рулем _d2007 |
||
| 215 |
_a215, [1] с. _cил. _d29 |
||
| 606 | 1 |
_a"Лада", легковые автомобили _jРуководства, пособия и т.п. _xТехническое обслуживание _92118308 _3RU\NLR\auth\661279450 |
|
| 606 | 1 |
_a"Лада", легковые автомобили _jРуководства, пособия и т.п. _xРемонт _92118306 _3RU\NLR\auth\661279449 |
|
| 610 | 0 | _aТранспорт -- Автодорожный транспорт -- Автомобили -- Легковые автомобили -- Техническая эксплуатация и ремонт -- Инструктивные издания | |
| 686 |
_aО335.52-08я82 _2rubbk |
||
| 686 | _aО335.52-08я7"Лада" | ||
| 702 | 1 |
_aКосарев _bС. Н. _gСергей Николаевич _4220 |
|
| 801 | 0 |
_aRU _bРКП _c20070813 |
|
| 801 | 1 |
_aRU _bРГБ _c20070813 |
|
| 801 | 2 |
_aRU _bNLR _c20070912 _grcr |
|
| 942 | _cBOOK | ||
| 980 | _aNB | ||